| 000 | 00734cam a22002533a 4500 | ||
|---|---|---|---|
| 001 | 7373 | ||
| 003 | PGUSA | ||
| 005 | 20140828083144.0 | ||
| 008 | 050101s2005||||xxu|||||s|||||000 | eng d | ||
| 040 |
_aPGUSA _beng |
||
| 042 | _adc | ||
| 050 | 4 | _aD | |
| 100 | 1 |
_aBelloc, Hilaire, _d1870-1953 |
|
| 245 | 1 | 4 |
_aThe Path to Rome _h[electronic resource] / _cHilaire Belloc |
| 260 |
_bProject Gutenberg, _c2005 |
||
| 506 | _aPublic domain in the USA. | ||
| 516 | _aElectronic text | ||
| 653 | _aSwitzerland -- Description and travel | ||
| 653 | _aItaly -- Description and travel | ||
| 653 | _aFrance -- Description and travel | ||
| 830 | 0 |
_aProject Gutenberg _v7373 |
|
| 856 | 4 | 0 | _uhttp://www.gutenberg.org/ebooks/7373 |
| 942 | _cEB | ||
| 999 |
_c236693 _d236693 |
||